000 00517nam a22001697a 4500
003 BD-ChCU
005 20260331101237.0
008 260331b bg ||||| |||| 00| 0 ben d
040 _cBD-ChCU
082 _a619.93 THH
100 _aTheiler , Karl .
_920956
245 _aThe house mouse :
_bdevelopment and normal stages from fertilization to 4 weeks of age./
_cKarl , Theiler .
260 _aNew York :
_bSpringer - Verlag ,
_cC 1972
300 _a168p.
650 0 _aMice . Anatomy .
_920958
942 _2ddc
_cBK
_n0
999 _c111949
_d111949